Cerámica (Record no. 3893)

MARC details
000 -CABECERA
campo de control de longitud fija 00755nam a2200241 a 4500
001 - NÚMERO DE CONTROL
campo de control BRCA_4177
005 - FECHA Y HORA DE LA ÚLTIMA TRANSACCIÓN
campo de control 20190320204556.0
008 - DATOS DE LONGITUD FIJA--INFORMACIÓN GENERAL
campo de control de longitud fija 290410s1922----mx-a######---#000-0#spa-#
041 ## - CÓDIGO DE LENGUA
Código de lengua del texto/banda sonora o título independiente spa
044 ## - CÓDIGO DEL PAÍS DE LA ENTIDAD EDITORA/PRODUCTORA
Código MARC del país mx
050 #4 - SIGNATURA TOPOGRÁFICA DE LA BIBLIOTECA DEL CONGRESO
Número de clasificación NK4225
Número de documento/Ítem .V46 2
-- 1922
100 1# - ENTRADA PRINCIPAL--NOMBRE DE PERSONA
Nombre de persona Ventosa, Enrique Luis
9 (RLIN) 7335
245 10 - MENCIÓN DE TÍTULO
Título Cerámica
Resto del título libro para artistas
Mención de responsabilidad, etc. Enrique Luis Ventosa ; prólogo de José López-Portillo y Rojas.
260 ## - PUBLICACIÓN, DISTRIBUCIÓN, ETC.
Lugar de publicación, distribución, etc. Puebla, Puebla
Nombre del editor, distribuidor, etc. J. M. Aguirre
Fecha de publicación, distribución, etc. 1922
300 ## - DESCRIPCIÓN FÍSICA
Extensión xvi, 152 p.
Otras características físicas il.
Dimensiones 22 cm.
500 ## - NOTA GENERAL
Nota general Estado físico: Encuadernación deteriorada y manchada
500 ## - NOTA GENERAL
Nota general Ejemplar igual a A39
500 ## - NOTA GENERAL
Nota general A101
650 14 - PUNTO DE ACCESO ADICIONAL DE MATERIA--TÉRMINO DE MATERIA
Término de materia o nombre geográfico como elemento de entrada Cerámica
9 (RLIN) 1200
700 1# - PUNTO DE ACCESO ADICIONAL--NOMBRE DE PERSONA
Nombre de persona López-Portillo y Rojas, José
Término indicativo de función/relación Prologuista
9 (RLIN) 10785
902 ## - CATALOGADOR
Iniciales GFM
942 ## - ELEMENTOS DE PUNTO DE ACCESO ADICIONAL (KOHA)
Fuente del sistema de clasificación o colocación Library of Congress Classification
Tipo de ítem Koha Libros
Holdings
Estado de retiro Estado de pérdida Estado dañado No para préstamo Localización permanente Ubicación/localización actual Fecha de adquisición Número de inventario Total de préstamos Signatura topográfica completa Código de barras Fecha visto por última vez Precio válido a partir de Tipo de ítem Koha
El ejemplar forma parte de la colección y puede ser consultado según las políticas vigentes.       Biblioteca del Museo Franz Mayer (Rogerio Casas-Alatriste) Biblioteca del Museo Franz Mayer (Rogerio Casas-Alatriste) 29/04/2010 A101   NK4225 .V46 2 1922 (A101) 4174 22/03/2019 22/03/2019 Libros